Normal view
MARC view
- AHSAN, UMER,UROOJ KHALID, RAJA AMER AZEEM
Entry Personal Name
001 - CONTROL NUMBER
- control field: 72357
003 - CONTROL NUMBER IDENTIFIER
- control field: NUST
005 - DATE AND TIME OF LATEST TRANSACTION
- control field: 20210628204801.0
008 - FIXED-LENGTH DATA ELEMENTS
- fixed length control field: 210628|| aca||aabn | a|a d
040 ## - CATALOGING SOURCE
- Original cataloging agency: NUST
- Transcribing agency: NUST
100 ## - HEADING--PERSONAL NAME
- Personal name: AHSAN, UMER,UROOJ KHALID, RAJA AMER AZEEM
670 ## - SOURCE DATA FOUND
- Source citation: Work cat.: (NUST): AHSAN, UMER,UROOJ KHALID, RAJA AMER AZEEM, PR-SOF-1044-DESIGN AND FABRICATION OF LOW COST TURBINE (VAWT), 2010
